header

OCA/OCP (Record no. 95560)

MARC details
000 -LEADER
fixed length control field 01315nam a22003494a 4500
082 04 - DEWEY DECIMAL CLASSIFICATION NUMBER
Classification number 005.75/85
100 1# - MAIN ENTRY--AUTHOR NAME
Personal name Dawes, Chip.
245 10 - TITLE STATEMENT
Title OCA/OCP
250 ## - EDITION STATEMENT
Edition statement 1st ed.
260 ## - PUBLICATION, DISTRIBUTION, ETC. (IMPRINT)
Place of publication San Francisco, CA :
Name of publisher Sybex,
Year of publication 2002.
300 ## - PHYSICAL DESCRIPTION
Number of Pages 539 p. :
Other physical details ill.
500 ## - GENERAL NOTE
General note "Exam 1Z0-007"--Cover.
650 #0 - SUBJECT ADDED ENTRY--TOPICAL TERM
Topical Term Electronic data processing personnel
Topical Term Database management
Topical Term SQL (Computer program language)
700 1# - ADDED ENTRY--PERSONAL NAME
Personal name Thomas, Biju.
856 40 - ELECTRONIC LOCATION AND ACCESS
Uniform Resource Identifier http://site.ebrary.com/lib/rucke/Doc?id=10152552

No items available.

© 2026 Rongo University
Contact us: librarian | system librarian | Rongo university